| 000 | 00638nam a22002297a 4500 | ||
|---|---|---|---|
| 005 | 20170124110241.0 | ||
| 010 | _aB-078825 | ||
| 020 |
_c00.00 _a057121651 |
||
| 035 | _aB-078825 | ||
| 037 | _bCen Lib/Ret | ||
| 040 |
_aDPL _bEN |
||
| 082 |
_aN _bGRA |
||
| 100 |
_aGrass, Gunter _995173 |
||
| 245 |
_aCrabwalk / _cby Gunter Grass ; translated by Krishna Winston |
||
| 260 |
_aLondon _bFaber and Faber _c2002 |
||
| 270 |
_a3 Queen Square _bLondon |
||
| 300 |
_a233p. _b22cm(pbk) |
||
| 650 |
_aHistorical fiction _995174 |
||
| 650 |
_aGermany -- Fiction _995175 |
||
| 700 |
_aWinston, Krishna _995176 |
||
| 942 |
_2ddc _cEN _hN _mGRA |
||
| 999 |
_c135213 _d135213 |
||